000 00322nam a22001337a 4500
008 180828b xxu||||| |||| 00| 0 eng d
020 _a2900697215931
041 _aeng
080 _a311
100 _a55
101 _aSTA
245 _aSTATISTICS LEARNING IN THE PRESENCE OF VARIATION
_cWARDROP.R.L
942 _2udc
_cBK
999 _c47371
_d47371